| 000 | 00461nam a2200181Ia 4500 | ||
|---|---|---|---|
| 008 | 191130s2006##################000#0#eng## | ||
| 020 | _a9783822836439 | ||
| 040 |
_aACL _cACL |
||
| 082 | _a720 ZIM | ||
| 100 | _aZimmerman, Claire | ||
| 245 |
_aMies van der Rohe _cClaire Zimmerman |
||
| 260 |
_aKöln _bTASCHEN _cc2006 |
||
| 300 | _a96 p. : col. ill | ||
| 650 | _aArt | ||
| 990 | _a59732165ac10000c2652363cd62e8b43 | ||
| 991 | _a301852 | ||
| 999 |
_c276386 _d276386 |
||